El manuscrito Carmesí

Zapisane w:
Opis bibliograficzny
1. autor: Gala, Antonio
Format: Książka
Język:Undetermined
Wydane: Barcelona, España Planeta 1998
Wydanie:3
Hasła przedmiotowe:
Etykiety: Dodaj etykietę
Nie ma etykietki, Dołącz pierwszą etykiete!

MARC

LEADER 00000nam a2200000Ia 4500
008 170316s9999 xx 000 0 und d
040 |a cru BVZT 
090 |a 862 G-2m 
100 |a Gala, Antonio 
245 |a El manuscrito Carmesí 
250 |a 3 
260 |a Barcelona, España 
260 |b Planeta 
260 |c 1998 
300 |a 611 páginas 
650 |a LITERATURA ESPAÑOLA 
999 |c 9912  |d 9912 
942 |c 15 D  |h 862 G-2m  |2 z